Tập quán ăn uống của cư dân làng biển Nam Ô - Liên Chiểu - Thành phố Đà Nẵng

Địa lý - kinh tế - nguồn gốc dân cư và đời sống văn hóa làng Nam Ô - Liên Chiểu - Thành phố Đà Nẵng...Bữa ăn thường ngày...Ăn uống trong những dịp lễ tết, tang ma, giỗ, cưới, ...

Đã lưu trong:
書目詳細資料
主要作者: Nguyễn, Xuân Phúc
其他作者: Nguyễn Xuân Hương Người hướng dẫn (T.S)
格式: 圖書
語言:Vietnamese
出版: Đại học Sư Phạm Đại học Đà Nẵng 2008
主題:
標簽: 添加標簽
沒有標簽, 成為第一個標記此記錄!
Thư viện lưu trữ: Mạng thư viện Đại học Đà Nẵng
LEADER 01640nam a2200337 4500
001 000011032
003 7260
005 20120110150155.0
008 120110s2008 viesd
041 |a vie 
082 |a 394.1  |b NG-P 
100 1 |a Nguyễn, Xuân Phúc 
245 1 |a Tập quán ăn uống của cư dân làng biển Nam Ô - Liên Chiểu - Thành phố Đà Nẵng  |c Nguyễn Xuân Phúc 
260 |a Đại học Sư Phạm  |b Đại học Đà Nẵng  |c 2008 
300 |a 61tr.  |c 29 cm.  |e hình ảnh 
500 |a Khóa luận tốt nghiệp 
520 |a Địa lý - kinh tế - nguồn gốc dân cư và đời sống văn hóa làng Nam Ô - Liên Chiểu - Thành phố Đà Nẵng...Bữa ăn thường ngày...Ăn uống trong những dịp lễ tết, tang ma, giỗ, cưới, ... 
653 |a Cư dân làng biển  |a Tập quán ăn uống 
700 |a Nguyễn Xuân Hương  |c Người hướng dẫn  |e T.S 
OWN |a LSP 
AVA |a UDN50  |b LNN  |d 394.1 NG-H  |e available  |t Error 5001 Not defined in file expand_doc_bib_avail.  |f 2  |g 0  |h N  |i 0 
AVA |a UDN50  |b LSP  |d 394.1 NG-P  |e available  |t Error 5001 Not defined in file expand_doc_bib_avail.  |f 1  |g 0  |h N  |i 0  |k 1 
999 |a From the UDN01 
AVA |a UDN50  |b LNN  |d 394.1 NG-H  |e available  |t Error 5001 Not defined in file expand_doc_bib_avail.  |f 2  |g 0  |h N  |i 0 
AVA |a UDN50  |b LSP  |d 394.1 NG-P  |e available  |t Error 5001 Not defined in file expand_doc_bib_avail.  |f 1  |g 0  |h N  |i 0  |k 1 
TYP |a Monograph 
TYP |a Printed language 
980 |a Mạng thư viện Đại học Đà Nẵng